1019 1409 1561 1661 1163 1514 1976 1894 1783 1139 1755 1333 1700 1120 1739 1815 1832 1425 1623 1720 1034 1803 1254 1667 1339 1559 1139 1058 1126 1647 1113 1624 1686 1338 1134 1094 1291 1179 1593 1583 1653 1026 1034 1632 1263 1025 1739 1323 1698 1733 1719 1001 1724 1556 1026 1249 1281 1470 1360 1475 1380 1000 1149 1544 1985 1680 1103 1714 1861 1144 1409 1566 1669 1004 1137 1652 1980 1636 1977 1978 1456 1665 1337 1387 1649 1084 1925 1747 1686 1622 1230 1341 1927 1340 1157 1864 1974 1173 1907 BCNSPRNW ULIB Ver.6.0+V

เปลี่ยนเป็นภาษาไทย

Change to English
 แสดงรายละเอียดบรรณานุกรม
  กลับหน้าหลัก

Brief Record : Get Marc (ISO 2709) : E-mail record : QR code < ปิดหน้าต่าง
LEADER : 00000nam 2200000uu 4500
001    13399123717
003     ULIB
008    141119s2556||||th 000 0 tha d
020    ^a9789746522618
060  4 ^aQS604^bก768ว
100 0  ^aเกล็ดแก้ว ด่านวิวัฒน์
245 10 ^aวิทยาเอ็มบริโอ =^bEmbryology /^cเกล็ดแก้ว ด่านวิวัฒน์
246 31 ^aEmbryology
250    ^aพิมพ์ครั้งที่ 1 (ฉบับปรับปรุง)
260    ^aกรุงเทพฯ :^bไอกรุ๊ปเพรส,^c2556
300    1484 หน้า :^bภาพประกอบ ;^c26 ซม
650  2 ^aAbnormalities
650  2 ^aEmbryology
650  2 ^aFetal Development
650  4 ^aเอ็มบริโอ,
650  4 ^aคัพภวิทยา
945    ^p250^l0^i21741
945    ^p250^l0^i21742
945    ^p250^l0^i21743
945    ^p250^l0^i21744
945    ^p250^l0^i21745
945    ^p250^l0^i21746
945    ^p250^l0^i21747
945    ^p250^l0^i21748
945    ^p250^l0^i21749
945    ^p250^l0^i21750
999    ^aทศพร เกษรทอง
รายการนี้ยังไม่มีแท็ก
คุณยังไม่ได้ล็อกอิน คุณสามารถมีกิจกรรมร่วมกับเว็บไซต์ได้ แต่ต้องล็อกอินก่อน ::
  ล็อกอิน

รายการสื่อสารสนเทศ

ลำดับที่ ประเภท เลขเรียก/บาร์โค้ด สถานที่ สถานะ
1. วิทยาศาสตร์การแพทย์ และสุขภาพ
วิทยาศาสตร์การแพทย์ และสุขภาพ
สถานะ=หนังสือเก่า
QS604 ก768ว ฉ.1 
  Barcode: 21741
ห้องสมุดวิทยาเขตนครสวรรค์
►ส่วนจัดเก็บหนังสือเก่า นว.
บนชั้น
  ขอยืม
2. วิทยาศาสตร์การแพทย์ และสุขภาพ
วิทยาศาสตร์การแพทย์ และสุขภาพ
สถานะ=หนังสือเก่า
QS604 ก768ว ฉ.10 
  Barcode: 21750
ห้องสมุดวิทยาเขตนครสวรรค์
►ส่วนจัดเก็บหนังสือเก่า นว.
บนชั้น
  ขอยืม
3. วิทยาศาสตร์การแพทย์ และสุขภาพ
วิทยาศาสตร์การแพทย์ และสุขภาพ
สถานะ=หนังสือเก่า
QS604 ก768ว ฉ.2 
  Barcode: 21742
ห้องสมุดวิทยาเขตนครสวรรค์
►ส่วนจัดเก็บหนังสือเก่า นว.
บนชั้น
  ขอยืม
4. วิทยาศาสตร์การแพทย์ และสุขภาพ
วิทยาศาสตร์การแพทย์ และสุขภาพ
สถานะ=หนังสือเก่า
QS604 ก768ว ฉ.3 
  Barcode: 21743
ห้องสมุดวิทยาเขตนครสวรรค์
►ส่วนจัดเก็บหนังสือเก่า นว.
บนชั้น
  ขอยืม
5. วิทยาศาสตร์การแพทย์ และสุขภาพ
วิทยาศาสตร์การแพทย์ และสุขภาพ
สถานะ=หนังสือเก่า
QS604 ก768ว ฉ.4 
  Barcode: 21744
ห้องสมุดวิทยาเขตนครสวรรค์
►ส่วนจัดเก็บหนังสือเก่า นว.
บนชั้น
  ขอยืม
6. วิทยาศาสตร์การแพทย์ และสุขภาพ
วิทยาศาสตร์การแพทย์ และสุขภาพ
สถานะ=หนังสือเก่า
QS604 ก768ว ฉ.5 
  Barcode: 21745
ห้องสมุดวิทยาเขตนครสวรรค์
►ส่วนจัดเก็บหนังสือเก่า นว.
บนชั้น
  ขอยืม
7. วิทยาศาสตร์การแพทย์ และสุขภาพ
วิทยาศาสตร์การแพทย์ และสุขภาพ
สถานะ=หนังสือเก่า
QS604 ก768ว ฉ.6 
  Barcode: 21746
ห้องสมุดวิทยาเขตนครสวรรค์
►ส่วนจัดเก็บหนังสือเก่า นว.
บนชั้น
  ขอยืม
8. วิทยาศาสตร์การแพทย์ และสุขภาพ
วิทยาศาสตร์การแพทย์ และสุขภาพ
สถานะ=หนังสือเก่า
QS604 ก768ว ฉ.7 
  Barcode: 21747
ห้องสมุดวิทยาเขตนครสวรรค์
►ส่วนจัดเก็บหนังสือเก่า นว.
บนชั้น
  ขอยืม
9. วิทยาศาสตร์การแพทย์ และสุขภาพ
วิทยาศาสตร์การแพทย์ และสุขภาพ
สถานะ=หนังสือเก่า
QS604 ก768ว ฉ.8 
  Barcode: 21748
ห้องสมุดวิทยาเขตนครสวรรค์
►ส่วนจัดเก็บหนังสือเก่า นว.
บนชั้น
  ขอยืม
10. วิทยาศาสตร์การแพทย์ และสุขภาพ
วิทยาศาสตร์การแพทย์ และสุขภาพ
สถานะ=หนังสือเก่า
QS604 ก768ว ฉ.9 
  Barcode: 21749
ห้องสมุดวิทยาเขตนครสวรรค์
►ส่วนจัดเก็บหนังสือเก่า นว.
บนชั้น
  ขอยืม

รายการใกล้เคียง
    ผู้แต่ง [เกล็ดแก้ว ด่านวิวัฒน์]

    หัวเรื่อง [Abnormalities]
    หัวเรื่อง [Embryology]
    หัวเรื่อง [Fetal Development]
    หัวเรื่อง [เอ็มบริโอ,]
    หัวเรื่อง [คัพภวิทยา]

BibComment


ยังไม่เคยถูกคอมเมนท์

คอมเมนท์ทรัพยากรรายการนี้
  คอมเมนท์: วิทยาเอ็มบริโอ ..


 Copyright 2026. Bcnsprnw @Library